La agricultura autosustentable en el marco de la integración comercial de América del Norte /
Guardado en:
| Autor principal: | |
|---|---|
| Formato: | Texto |
| Materias: | |
| Etiquetas: |
Agregar Etiqueta
Sin Etiquetas, Sea el primero en etiquetar este registro!
|
MARC
| LEADER | 00000 a a2200000 04500 | ||
|---|---|---|---|
| 001 | 42233 | ||
| 003 | |||
| 040 | |||
| 100 | |a Torres Torres, Felipe | ||
| 245 | |a La agricultura autosustentable en el marco de la integración comercial de América del Norte / |c Felipe Torres Torres | ||
| 650 | |a AGRICULTURA ORGANICA | ||
| 650 | |a PRODUCCION AGROPECUARIA | ||
| 650 | |a CONSUMIDORES | ||
| 650 | |a MEXICO | ||
| 650 | |a COMERCIO EXTERIOR | ||
| 650 | |a CAMPESINADO | ||
| 773 | |g volumen25, número96 ( , 1994), páginas 65-75 | ||
| 999 | |c 33286 |d 33286 | ||
